[Event "Amagermesterskabet 2011"]
[Site "Sundbyoster"]
[Date "2011.10.25"]
[Round "7"]
[White "Svensson, John Michael"]
[Black "Thorgrimson, Elof"]
[Result "1-0"]
[WhiteElo "1409"]
[BlackElo "1694"]
[PlyCount "127"]
[EventDate "2011.??.??"]

1. Nf3 Nc6 2. d4 d5 3. g3 Bf5 4. Bg2 Nb4 5. Na3 c6 6. c3 Na6 7. Nc2 Nf6 8. O-O
g6 9. Bg5 Bg7 10. Nd2 O-O 11. Ne3 Bd7 12. Bxf6 Bxf6 13. Nf3 Qc7 14. h4 Rfe8 15.
Qd2 e5 16. dxe5 Bxe5 17. Nxe5 Qxe5 18. Rad1 Rad8 19. Rfe1 Nc7 20. Bf3 f5 21.
Ng2 Ne6 22. e3 Nc5 23. Nf4 Ne4 24. Qc2 Kg7 25. Kg2 Bc8 26. Nd3 Qf6 27. Rh1 h6
28. Rh2 Rg8 29. Nf4 Qd6 30. Qd3 Kh7 31. Qd4 b6 32. Qa4 Rg7 33. c4 Qc5 34. cxd5
cxd5 35. Qb3 Rgd7 36. Ne6 Qe7 37. Nxd8 Qxd8 38. Rhh1 Ba6 39. Qa4 Bc8 40. Rd4 a6
41. Rhd1 b5 42. Qb4 Bb7 43. a4 Qc7 44. Bxe4 fxe4 45. axb5 a5 46. Qb3 Qb6 47.
Rc1 Qf6 48. Qd1 Rf7 49. Rc2 Qe6 50. Qe1 Bc8 51. Qh1 Qg4 52. Rxd5 Qf3+ 53. Kg1
Qg4 54. Rcd2 Be6 55. Rd6 Bc4 56. b6 Be2 57. Qg2 Ba6 58. Rc6 Bd3 59. Kh2 Rb7 60.
Qh3 Qxh3+ 61. Kxh3 g5 62. Rc7+ Rxc7 63. bxc7 Ba6 64. Rd8 1-0

[Event "Amagermesterskabet 2011"]
[Site "Sundbyoster"]
[Date "2011.10.25"]
[Round "7"]
[White "Tronning, Mark Philip"]
[Black "Kinch, Peder"]
[Result "1-0"]
[WhiteElo "1439"]
[BlackElo "1204"]
[PlyCount "31"]
[EventDate "2011.??.??"]

1. e4 e5 2. Nf3 Nc6 3. Bb5 Bc5 4. O-O Nge7 5. c3 a6 6. Ba4 O-O 7. d4 exd4 8.
cxd4 Ba7 9. Bc2 d5 10. e5 g6 11. h3 Nf5 12. Bxf5 Bxf5 13. Bg5 Qd7 14. Bf6 Be4
15. Qd2 Ne7 16. Nh4 1-0